| 000 | 01965 a2200241 4500 | ||
|---|---|---|---|
| 001 | 49490 | ||
| 005 | 20260407155758.0 | ||
| 008 | 260407a2019 arg spa d | ||
| 003 | AR-UNSa-BCEJYS | ||
| 040 |
_aAR-UNSa-BCEJYS _bspa _cAR-UNSa-BCEJYS |
||
| 080 |
_a378 _xEnseñanza superior. Universidades. Escuelas especiales |
||
| 245 | 1 | 0 |
_aCompartir docencia en la universidad _p¿Cómo es que venís juntos a clase? |
| 020 | _a978-84-17667-12-2 | ||
| 264 | 1 |
_aBarcelona : _bEdiciones Octaedro _c2019 |
|
| 300 |
_a136 p. _c21 cm. |
||
| 505 | _a1. Esbozar el campo de la colaboración en la docencia universtiaria / Fernando Hernández y Hernández; Paulo Padilla Petry – 2. Colaboraciones docentes en la trayectoria del grupo / Joan-Anton Sánchez Valero; Fernando Herraiz García – 3. Ni tú, ni yo. Las clases compartidas como espacios de encuentro y alquimia pedagógica / Cristina Alonso Cano; Raquel Miño Puigcercós – 4. Enseñar y aprender en compañía / Judit Onsés Segarra; Juana M. Sancho Gil – 5. Compartir desde una trama de desplazamientos / Aurelio Castro Varela; Fernando Hernández y Hernández – 6. <Wonder> Como excusa, elegimos ser amables / Judit Onsés Segarra; Carlos Montero de Gea; Anna Forés Miravalles – 7. Compartir en la distancia desayunos pedagógicos en un curso de investigación basada en las artes / Carlos Canales Bonilla; Fernando Hernández y Hernández - 9. Cuando tres no son multitud / Judit Onsés Segarraa, Fernando Hernández y Hernández; Juana M. Sancho Gil - 10. Retos y posibilidades de la docencia compartida. Una síntesis a partir de las vivencias del profesorado / Beatriz Revelles-Benavente; Pablo Rivera Vargas - | ||
| 041 | _aspa | ||
| 942 | _cBK | ||
| 590 | _aniveau_biblio:m niveau_hierar:0 | ||
| 100 | 1 | _aHernández y Hernández, Fernando | |
| 700 | 1 | _aHerraiz García, Fernando | |
| 856 | 4 | 1 |
_uhttps://www.biblioeco.unsa.edu.ar/pmb/images/libros/L128141.jpg _yImagen de portada _qimage/jpeg |
| 999 |
_c4856 _d4856 |
||